=LDR 00000nam 2200000 4500 =001 NUTBA000000000001109 =005 20200313075444 =035 ##$$a 0010-041400000000379 =008 200313################g##########0#ind## =020 ##$$a 978-979-119-345-0 =082 ##$$a 297.63 =245 ##$$a Teladan abadi, Muhammad saw. /$c The Ahl-UI-Bayt World Assembly; editor, Arif Mulyadi =250 ##$$a cet.1 =260 ##$$a Jakarta :$b Al-Huda,$c 2009 =300 ##$$a xii, 407 hlm. ; $c 21 x 14 cm. =084 ##$$a 297.63 TEL =650 #4$$a Nabi Muhammad Saw. =700 #$$a Arif Mulyadi =990 ##$$a 00088122 =990 ##$$a 00087746